000 00629nam a2200301Ia 4500
005 20260401122215.0
008 008 250103s9999 xx 000 0 eng d
020 _a571218717
037 _aTB
040 _aEDL
040 _beng
040 _cEDL
041 _2eng
041 _aeng
084 _a700.108 REA
084 _qEDL
100 _aRead, Herbert
245 0 _aMeaning of Art
245 0 _cRead, Herbert
260 _aLondon
260 _bPenguin Books
260 _c2003
300 _a280p
942 _cTB
942 _h700.108 REA
999 _c1845642
_d1845642